|
|
|
|
| LEADER |
00000nam0a2200000 4500 |
| 001 |
302900 |
| 005 |
20231102001541.0 |
| 020 |
|
|
|a RU
|b 83-42461
|
| 035 |
|
|
|a (RuTPU)RU\TPU\book\328117
|
| 090 |
|
|
|a 302900
|
| 100 |
|
|
|a 20150827d1982 k y0rusy5003 ca
|
| 101 |
0 |
|
|a rus
|
| 102 |
|
|
|a RU
|
| 105 |
|
|
|a a z 001zy
|
| 200 |
1 |
|
|a Рассеяние и дифракция радиолокационных сигналов и их информативность
|e межвузовский сборник
|f Северо-Западный заочный политехнический институт (СЗПИ) ; под ред. Н. П. Красюка
|
| 210 |
|
|
|a Ленинград
|c Изд-во СЗПИ
|d 1982
|
| 215 |
|
|
|a 184 с.
|c ил.
|
| 320 |
|
|
|a Библиогр. в конце ст.
|
| 606 |
1 |
|
|a Радиолокационные сигналы
|x Передача
|2 stltpush
|3 (RuTPU)RU\TPU\subj\22777
|9 47474
|
| 610 |
1 |
|
|a рассеяние
|
| 610 |
1 |
|
|a дифракция
|
| 610 |
1 |
|
|a информативность
|
| 610 |
1 |
|
|a распространение
|
| 610 |
1 |
|
|a сложные среды
|
| 610 |
1 |
|
|a обнаружение
|
| 610 |
1 |
|
|a излучения
|
| 610 |
1 |
|
|a прием
|
| 675 |
|
|
|a 621.396.96
|z rus
|v 3
|
| 702 |
|
1 |
|a Красюк
|b Н. П.
|g Николай Петрович
|4 340
|
| 712 |
0 |
2 |
|a Северо-Западный заочный политехнический институт (СЗПИ)
|c (Ленинград)
|2 stltpush
|3 (RuTPU)RU\TPU\col\2602
|
| 801 |
|
0 |
|a RU
|b RuMRKP
|c 19950704
|g psbo
|
| 801 |
|
1 |
|a RU
|b 63413507
|c 20150827
|
| 801 |
|
2 |
|a RU
|b 63413507
|c 20190702
|g RCR
|
| 942 |
|
|
|c BK
|